| 000 | 00604nam a2200193 a 4500 | ||
|---|---|---|---|
| 005 | 20221118063727.0 | ||
| 008 | 991125s1940 mx 000 0 spa u | ||
| 035 | _aUPN01000001626 | ||
| 049 | _aLT | ||
| 050 | 4 |
_aLB1590 M6.4 _bB3.4 |
|
| 100 | 1 |
_aBasurto García, Carmen, _dn. 1904 _931986 |
|
| 245 | 1 | 0 |
_aEscritura ilustrada : _bcuarto grado / _cCarmen G. Basurto. |
| 260 |
_aMéxico : _bEl Material Didáctico, _c1940. |
||
| 300 |
_a[32] p. : _bil. |
||
| 500 | _aDisponible en la Colección Medina | ||
| 650 | 4 |
_aEscritura _xEstudio y enseñanza (Elemental) _92804 |
|
| 905 | _aLibro | ||
| 999 |
_c1626 _d1626 |
||